Jesus is my special friend / (Record no. 355606)
[ view plain ]
| 000 -LEADER | |
|---|---|
| fixed length control field | 00516nam a2200193Ia 4500 |
| 008 - FIXED-LENGTH DATA ELEMENTS--GENERAL INFORMATION | |
| fixed length control field | 180207s9999 xx 000 0 und d |
| 020 ## - INTERNATIONAL STANDARD BOOK NUMBER | |
| International Standard Book Number | 9780784702611 |
| 050 ## - LIBRARY OF CONGRESS CALL NUMBER | |
| Item number | B171 1994 |
| 100 ## - MAIN ENTRY--PERSONAL NAME | |
| Personal name | Balaka, Susan S. |
| 245 ## - TITLE STATEMENT | |
| Title | Jesus is my special friend / |
| 245 ## - TITLE STATEMENT | |
| Statement of responsibility, etc | by Susan S. Balika ; illustrated by Craig Boldman. |
| 250 ## - EDITION STATEMENT | |
| Edition statement | Third edition. |
| 260 ## - PUBLICATION, DISTRIBUTION, ETC. (IMPRINT) | |
| Place of publication, distribution, etc | USA : |
| 260 ## - PUBLICATION, DISTRIBUTION, ETC. (IMPRINT) | |
| Name of publisher, distributor, etc | The Standard Publishing Company, |
| 260 ## - PUBLICATION, DISTRIBUTION, ETC. (IMPRINT) | |
| Date of publication, distribution, etc | 1994 |
| 300 ## - PHYSICAL DESCRIPTION | |
| Extent | unpaged : |
| 300 ## - PHYSICAL DESCRIPTION | |
| Other physical details | chiefly colored ; |
| 300 ## - PHYSICAL DESCRIPTION | |
| Dimensions | 20cm. |
| Withdrawn status | Lost status | Damaged status | Home library | Current library | Date acquired | Total Checkouts | Full call number | Barcode | Date last seen | Price effective from | Koha item type |
|---|---|---|---|---|---|---|---|---|---|---|---|
| Stonyhurst Southville International School (Malarayat) | Stonyhurst Southville International School (Malarayat) | 02/07/2018 | ER B171 1994 | SSISM5151 | 02/07/2018 | 02/07/2018 | Books |